<?xml version="1.0" encoding="UTF-8"?>
<collection xmlns="http://www.loc.gov/MARC21/slim">
 <record>
  <leader>01717nam a2200289 a 4500</leader>
  <controlfield tag="001">3963889</controlfield>
  <controlfield tag="008">090804r20021994maucf         001 0aeng d</controlfield>
  <datafield tag="010" ind1=" " ind2=" ">
   <subfield code="a">   94079980 </subfield>
  </datafield>
  <datafield tag="020" ind1=" " ind2=" ">
   <subfield code="a">0349106533</subfield>
  </datafield>
  <datafield tag="040" ind1=" " ind2=" ">
   <subfield code="a">DLC/MoSU-L</subfield>
   <subfield code="c">MoSU-L</subfield>
   <subfield code="d">DLC</subfield>
  </datafield>
  <datafield tag="082" ind1="0" ind2="0">
   <subfield code="a">968.06/4/092</subfield>
   <subfield code="a">B</subfield>
   <subfield code="2">20</subfield>
  </datafield>
  <datafield tag="100" ind1="1" ind2=" ">
   <subfield code="a">Mandela, Nelson,</subfield>
   <subfield code="d">1918-</subfield>
  </datafield>
  <datafield tag="245" ind1="1" ind2="0">
   <subfield code="a">Long walk to freedom :</subfield>
   <subfield code="b">the autobiography of Nelson Mandela.</subfield>
  </datafield>
  <datafield tag="260" ind1=" " ind2=" ">
   <subfield code="a">Boston ;</subfield>
   <subfield code="a">London:</subfield>
   <subfield code="b">Little, Brown;</subfield>
   <subfield code="b">ABACUS,</subfield>
   <subfield code="c">c1994[reprinted 2002].</subfield>
  </datafield>
  <datafield tag="300" ind1=" " ind2=" ">
   <subfield code="a">768 p.;</subfield>
   <subfield code="c">20 cm.</subfield>
  </datafield>
  <datafield tag="504" ind1=" " ind2=" ">
   <subfield code="a">Includes index.</subfield>
  </datafield>
  <datafield tag="541" ind1="1" ind2=" ">
   <subfield code="e">00010689</subfield>
  </datafield>
  <datafield tag="600" ind1="1" ind2="0">
   <subfield code="a">Mandela, Nelson,</subfield>
   <subfield code="d">1918-</subfield>
  </datafield>
  <datafield tag="650" ind1=" " ind2="0">
   <subfield code="a">Presidents</subfield>
   <subfield code="z">South Africa</subfield>
   <subfield code="x">Biography.</subfield>
  </datafield>
  <datafield tag="651" ind1=" " ind2="0">
   <subfield code="a">South Africa</subfield>
   <subfield code="x">Politics and government</subfield>
   <subfield code="y">1948-1994.</subfield>
  </datafield>
  <datafield tag="852" ind1="4" ind2=" ">
   <subfield code="a">Ayesha Abed Library</subfield>
   <subfield code="j">General Shelf.</subfield>
  </datafield>
  <datafield tag="999" ind1=" " ind2=" ">
   <subfield code="c">3265</subfield>
   <subfield code="d">3265</subfield>
  </datafield>
  <datafield tag="952" ind1=" " ind2=" ">
   <subfield code="0">0</subfield>
   <subfield code="1">0</subfield>
   <subfield code="2">ddc</subfield>
   <subfield code="4">0</subfield>
   <subfield code="6">968_064092000000000_MAN_2002</subfield>
   <subfield code="7">0</subfield>
   <subfield code="9">2957</subfield>
   <subfield code="a">BRACUL</subfield>
   <subfield code="b">BRACUL</subfield>
   <subfield code="c">GEN</subfield>
   <subfield code="d">2009-08-31</subfield>
   <subfield code="g">0.00</subfield>
   <subfield code="l">8</subfield>
   <subfield code="m">29</subfield>
   <subfield code="o">968.064092 MAN</subfield>
   <subfield code="p">3010010689</subfield>
   <subfield code="r">2024-10-31</subfield>
   <subfield code="s">2024-09-24</subfield>
   <subfield code="t">1</subfield>
   <subfield code="w">2009-08-31</subfield>
   <subfield code="y">BK</subfield>
   <subfield code="x">No price found in the accession register.</subfield>
  </datafield>
  <datafield tag="952" ind1=" " ind2=" ">
   <subfield code="0">0</subfield>
   <subfield code="1">0</subfield>
   <subfield code="2">ddc</subfield>
   <subfield code="4">0</subfield>
   <subfield code="6">968_064092000000000_MAN_2002</subfield>
   <subfield code="7">0</subfield>
   <subfield code="9">9148</subfield>
   <subfield code="a">BRACUL</subfield>
   <subfield code="b">BRACUL</subfield>
   <subfield code="c">GEN</subfield>
   <subfield code="d">2010-04-11</subfield>
   <subfield code="l">3</subfield>
   <subfield code="m">12</subfield>
   <subfield code="o">968.064092 MAN</subfield>
   <subfield code="p">3010010685</subfield>
   <subfield code="r">2024-02-19</subfield>
   <subfield code="s">2024-01-22</subfield>
   <subfield code="t">2</subfield>
   <subfield code="w">2010-04-11</subfield>
   <subfield code="y">BK</subfield>
  </datafield>
  <datafield tag="952" ind1=" " ind2=" ">
   <subfield code="0">0</subfield>
   <subfield code="1">0</subfield>
   <subfield code="2">ddc</subfield>
   <subfield code="4">0</subfield>
   <subfield code="6">968_064092000000000_MAN_2002</subfield>
   <subfield code="7">0</subfield>
   <subfield code="9">9253</subfield>
   <subfield code="a">BRACUL</subfield>
   <subfield code="b">BRACUL</subfield>
   <subfield code="c">GEN</subfield>
   <subfield code="d">2010-04-18</subfield>
   <subfield code="l">4</subfield>
   <subfield code="m">12</subfield>
   <subfield code="o">968.064092 MAN</subfield>
   <subfield code="p">3010010688</subfield>
   <subfield code="r">2023-08-21</subfield>
   <subfield code="s">2023-08-09</subfield>
   <subfield code="t">3</subfield>
   <subfield code="w">2010-04-18</subfield>
   <subfield code="y">BK</subfield>
  </datafield>
  <datafield tag="952" ind1=" " ind2=" ">
   <subfield code="0">0</subfield>
   <subfield code="1">0</subfield>
   <subfield code="2">ddc</subfield>
   <subfield code="4">0</subfield>
   <subfield code="6">968_064092000000000_MAN_2002</subfield>
   <subfield code="7">0</subfield>
   <subfield code="9">14594</subfield>
   <subfield code="a">BRACUL</subfield>
   <subfield code="b">BRACUL</subfield>
   <subfield code="c">GEN</subfield>
   <subfield code="d">2011-03-12</subfield>
   <subfield code="l">6</subfield>
   <subfield code="m">27</subfield>
   <subfield code="o">968.064092 MAN</subfield>
   <subfield code="p">3010010690</subfield>
   <subfield code="q">2023-03-27</subfield>
   <subfield code="r">2020-02-06</subfield>
   <subfield code="s">2020-02-06</subfield>
   <subfield code="t">4</subfield>
   <subfield code="w">2011-03-12</subfield>
   <subfield code="y">BK</subfield>
  </datafield>
  <datafield tag="952" ind1=" " ind2=" ">
   <subfield code="0">0</subfield>
   <subfield code="1">0</subfield>
   <subfield code="2">ddc</subfield>
   <subfield code="4">0</subfield>
   <subfield code="6">968_064092000000000_MAN_2002</subfield>
   <subfield code="7">0</subfield>
   <subfield code="9">14595</subfield>
   <subfield code="a">BRACUL</subfield>
   <subfield code="b">BRACUL</subfield>
   <subfield code="c">GEN</subfield>
   <subfield code="d">2011-03-12</subfield>
   <subfield code="l">5</subfield>
   <subfield code="m">114</subfield>
   <subfield code="o">968.064092 MAN</subfield>
   <subfield code="p">3010010687</subfield>
   <subfield code="r">2023-06-25</subfield>
   <subfield code="s">2023-02-22</subfield>
   <subfield code="t">5</subfield>
   <subfield code="w">2011-03-12</subfield>
   <subfield code="y">BK</subfield>
  </datafield>
 </record>
</collection>
